English grammar composition and correspondence / (Record no. 344093)

000 -LEADER
fixed length control field 00701 a2200205 4500
020 ## - INTERNATIONAL STANDARD BOOK NUMBER
International Standard Book Number 8121908744
020 ## - INTERNATIONAL STANDARD BOOK NUMBER
International Standard Book Number 9788121908740
090 ## - LOCALLY ASSIGNED LC-TYPE CALL NUMBER (OCLC); LOCAL CALL NUMBER (RLIN)
-- 1575
-- 1575
100 1# - MAIN ENTRY--PERSONAL NAME
Personal name Pink, M.Alderton.
245 10 - TITLE STATEMENT
Title English grammar composition and correspondence /
Statement of responsibility, etc. M.Alderton Pink.
250 ## - EDITION STATEMENT
Edition statement 12th ed.
260 ## - PUBLICATION, DISTRIBUTION, ETC.
Place of publication, distribution, etc. [S.l.] :
Name of publisher, distributor, etc. Chand (S.) & Co Ltd ,India,
Date of publication, distribution, etc. 1998.
300 ## - PHYSICAL DESCRIPTION
Extent 408 p. ;
Dimensions 21 cm.
500 ## - GENERAL NOTE
General note Paperback.
700 1# - ADDED ENTRY--PERSONAL NAME
Personal name Thomas, Samuel Evelyn.
700 1# - ADDED ENTRY--PERSONAL NAME
Personal name Cowdery, J.J.
856 40 - ELECTRONIC LOCATION AND ACCESS
Materials specified Amazon.com
Uniform Resource Identifier <a href="http://www.amazon.com/exec/obidos/ASIN/8121908744/chopaconline-20">http://www.amazon.com/exec/obidos/ASIN/8121908744/chopaconline-20</a>
856 40 - ELECTRONIC LOCATION AND ACCESS
Materials specified Amazon customer reviews
Uniform Resource Identifier <a href="http://www.chopac.org/cgi-bin/tools/azrev.pl?q=8121908744">http://www.chopac.org/cgi-bin/tools/azrev.pl?q=8121908744</a>
942 ## - ADDED ENTRY ELEMENTS (KOHA)
Institution code [OBSOLETE] NBS
Koha item type Book
Call number prefix 428.2 PIN
Holdings
Withdrawn status Lost status Damaged status Not for loan Permanent Location Current Location Date acquired Total Checkouts Full call number Barcode Date last seen Date last checked out Price effective from Koha item type
        NUST Law School (NLS) NUST Law School (NLS) 08/28/2013 3 428.2 PIN NBS2376 11/07/2022 12/04/2021 08/28/2013 Book
© 2023 Central Library, National University of Sciences and Technology. All Rights Reserved.